You Are In Love lyrics - Statistics

General Stats
  • This quiz has been taken 312 times
    123 since last reset
  • The average score is 247 of 292
Answer Stats
Lyrics % Correct
a
100%
are
100%
in
100%
you
100%
You
100%
he
98%
He
98%
it
98%
love,
98%
love
98%
hear
97%
on
97%
see
95%
The
95%
the
95%
your
95%
can
93%
way
93%
best
92%
friend"
92%
home,
92%
home
92%
Light
92%
light
92%
my
92%
to
92%
"You're
92%
And
88%
and
88%
look,
88%
"Look
88%
look
88%
One
88%
one
88%
out,
88%
out
88%
silence,
88%
silence
88%
for
86%
lights
86%
of
86%
says,
86%
feel
85%
true
85%
his
83%
is
83%
No
83%
with
83%
knew
81%
was,
81%
what
81%
but
80%
dark
80%
face
80%
word
80%
just
78%
keep
78%
keeps
78%
night
78%
not
78%
room,
78%
then
78%
go
76%
up"
76%
at
73%
meant
73%
much,
73%
Pauses,
73%
shirt,
73%
strange
73%
they
73%
touch,
73%
picture
71%
so
71%
talk,
71%
talk
71%
Time
71%
too
71%
enough
69%
office
69%
downtown
68%
fast,
68%
kiss
68%
shoulders
68%
two
68%
wakes,
68%
brush
66%
joke
66%
let
66%
once,
66%
'round
66%
why
66%
back
64%
Coffee
64%
dancing
64%
hearted
64%
now
64%
place
64%
'round
64%
said
64%
saw
64%
Burnt
63%
'Cause
63%
fears
63%
fight
63%
ghosts
63%
life
63%
midnight
63%
play
63%
sidewalks
63%
their
63%
toast,
63%
coat
61%
fought
61%
goes
61%
I've
61%
lost
61%
Morning,
61%
moved
61%
whole
61%
Buttons
59%
felt
59%
minds
59%
neck
59%
put
59%
snowglobe,
59%
Sunday
59%
words
59%
into
58%
proof,
58%
reflects
58%
understand
58%
chain
56%
drives
56%
tryin'
56%
wars
56%
spent
54%
Small
53%
step,
41%
No matching quizzes found
Score Distribution
Percent of People with Each Score
Percentile by Number Answered
Your Score History
You have not taken this quiz since the last reset